Heat transfer (Record no. 3641)

000 -LEADER
fixed length control field 00564nam a2200229 a 4500
001 - CONTROL NUMBER
control field 3641
003 - CONTROL NUMBER IDENTIFIER
control field BD-DhUET
008 - FIXED-LENGTH DATA ELEMENTS--GENERAL INFORMATION
fixed length control field 960506s1997 nyua b 001 0 eng
020 ## - INTERNATIONAL STANDARD BOOK NUMBER
International Standard Book Number 0071143203
020 ## - INTERNATIONAL STANDARD BOOK NUMBER
International Standard Book Number 0078447852
040 ## - CATALOGING SOURCE
Original cataloging agency DLC
Transcribing agency DLC
Modifying agency BD-DhUET
082 00 - DEWEY DECIMAL CLASSIFICATION NUMBER
Classification number 621.011
Item number HOL/1997
100 1# - MAIN ENTRY--PERSONAL NAME
Personal name Holman, J. P.
245 10 - TITLE STATEMENT
Title Heat transfer
250 ## - EDITION STATEMENT
Edition statement 8th ed.
260 ## - PUBLICATION, DISTRIBUTION, ETC. (IMPRINT)
Place of publication, distribution, etc. New York
Name of publisher, distributor, etc. McGraw-Hill
Date of publication, distribution, etc. 1997
300 ## - PHYSICAL DESCRIPTION
Extent xviii, 696 p.
Other physical details ill.
490 ## - SERIES STATEMENT
Series statement Schaum's outline series
504 ## - BIBLIOGRAPHY, ETC. NOTE
Bibliography, etc Includes bibliographies
650 #0 - SUBJECT ADDED ENTRY--TOPICAL TERM
Topical term or geographic name as entry element Heat transfer
942 ## - ADDED ENTRY ELEMENTS (KOHA)
Koha item type General Book
Holdings
Date acquired Source of classification or shelving scheme Withdrawn status Koha item type Piece designation (barcode) Price effective from Shelving location Koha date last borrowed Koha normalized classification for sorting Koha date last seen Koha full call number Lost status Damaged status Copy number Not for loan Koha issues (times borrowed) Sublocation or collection (holding branch) Koha out on loan Location (home branch)
2014-11-03  General Book924502014-11-03Circulation section2025-04-27621_011000000000000_HOL_19972025-04-27621.011/HOL/1997  1 3Central Library, BUET2025-05-11Central Library, BUET
2014-11-03  General Book924522014-11-03Circulation section 621_011000000000000_HOL_19972014-11-03621.011/HOL/1997  2  Central Library, BUET Central Library, BUET
2014-11-03  General Book924532014-11-03Circulation section 621_000000000000000_011HOL19972016-07-30621.011/HOL/1997  3  Central Library, BUET Central Library, BUET
2014-11-03  General Book924542014-11-03Circulation section2022-01-09621_000000000000000_011HOL19972022-06-08621.011/HOL/1997  4 1Central Library, BUET Central Library, BUET
2014-11-03  General Book924552014-11-03Circulation section2024-10-02621_000000000000000_011HOL19972024-10-28621.011/HOL/1997  5 2Central Library, BUET Central Library, BUET
2014-11-03  General Book924572014-11-03Circulation section2023-12-10621_000000000000000_011HOL19972024-08-31621.011/HOL/1997  6 3Central Library, BUET Central Library, BUET
2014-11-03  General Book924592014-11-03Circulation section 621_000000000000000_011HOL19972014-11-03621.011/HOL/1997  7  Central Library, BUET Central Library, BUET
2014-11-03  General Book924602014-11-03Circulation section2024-03-12621_011000000000000_HOL_19972024-08-28621.011/HOL/1997  8 1Central Library, BUET Central Library, BUET
2014-11-03  General Book924612014-11-03Circulation section2024-04-08621_000000000000000_011HOL19972024-06-22621.011/HOL/1997  9 1Central Library, BUET Central Library, BUET
2014-11-03  General Book924622014-11-03Circulation section2024-12-10621_000000000000000_011HOL19972025-03-12621.011/HOL/1997  10 5Central Library, BUET Central Library, BUET
2014-11-03  General Book924642014-11-03Circulation section2015-03-04621_000000000000000_011HOL19972017-05-03621.011/HOL/1997  11 1Central Library, BUET Central Library, BUET
2014-11-03  General Book924652014-11-03Circulation section2019-06-17621_000000000000000_011HOL19972019-07-10621.011/HOL/1997  12 3Central Library, BUET Central Library, BUET
2014-11-03  General Book924662014-11-03Circulation section2022-05-24621_000000000000000_011HOL19972022-06-08621.011/HOL/1997  13 3Central Library, BUET Central Library, BUET
2015-04-12  General Book924682015-04-12Circulation section 621_011000000000000_HOL_19972015-04-12621.011 HOL/1997  14  Central Library, BUET Central Library, BUET
2015-07-02  Reading Item924472015-07-02Reading section 621_011000000000000_HOL_19972015-07-02621.011/HOL/1997  15  Central Library, BUET Central Library, BUET
2015-07-09  Reading Item924462015-07-09Reading section 621_011000000000000_HOL_19972015-07-09621.011/HOL/1997  16  Central Library, BUET Central Library, BUET